Regímenes de historicidad : (Registro nro. 61672)
[ vista simple ]
| 000 -LEADER | |
|---|---|
| fixed length control field | 01139cam a2200289 4500 |
| 005 - DATE AND TIME OF LATEST TRANSACTION | |
| control field | 20230118133151.0 |
| 008 - FIXED-LENGTH DATA ELEMENTS--GENERAL INFORMATION | |
| fixed length control field | 150821b mx ||||| |||| 00| 0 spa d |
| 020 ## - INTERNATIONAL STANDARD BOOK NUMBER | |
| International Standard Book Number | 9789688596814 |
| 050 04 - LIBRARY OF CONGRESS CALL NUMBER | |
| Classification number | D13 |
| Item number | H37 2007 |
| 100 1# - MAIN ENTRY--PERSONAL NAME | |
| Personal name | Hartog, François. |
| 240 10 - UNIFORM TITLE | |
| Uniform title | Régimenes d´historicité. Présentisme et experences du temps. |
| Language of a work | Español |
| 245 10 - TITLE STATEMENT | |
| Title | Regímenes de historicidad : |
| Remainder of title | presentismo y experiencias del tiempo / |
| Statement of responsibility, etc | François Hartog |
| 250 ## - EDITION STATEMENT | |
| Edition statement | 1a ed. |
| 260 ## - PUBLICATION, DISTRIBUTION, ETC. (IMPRINT) | |
| Place of publication, distribution, etc | México : |
| Name of publisher, distributor, etc | Universidad Iberoamericana, Departamento de Historia, |
| Date of publication, distribution, etc | 2007 |
| 300 ## - PHYSICAL DESCRIPTION | |
| Extent | 243 p. ; |
| Other physical details | 23 cm. |
| 490 0# - SERIES STATEMENT | |
| Series statement | Colección: El oficio de la historia |
| 500 ## - GENERAL NOTE | |
| General note | Traducción de: Régimes d'historicité. Présentisme et expériences du temps |
| 504 ## - BIBLIOGRAPHY, ETC. NOTE | |
| Bibliography, etc | Incluye Bibliografía e índice |
| 650 #7 - SUBJECT ADDED ENTRY--TOPICAL TERM | |
| Source of heading or term | LEMB |
| Topical term or geographic name as entry element | Historiografía |
| General subdivision | Historia |
| 650 #7 - SUBJECT ADDED ENTRY--TOPICAL TERM | |
| Source of heading or term | LEMB |
| Topical term or geographic name as entry element | Civilización |
| General subdivision | Historia |
| 650 #7 - SUBJECT ADDED ENTRY--TOPICAL TERM | |
| Source of heading or term | LEMB |
| Topical term or geographic name as entry element | Historia |
| General subdivision | Crítica y interpretación |
| 650 #7 - SUBJECT ADDED ENTRY--TOPICAL TERM | |
| Source of heading or term | LEMB |
| Topical term or geographic name as entry element | Cronología |
| General subdivision | Investigaciones |
| 700 1# - ADDED ENTRY--PERSONAL NAME | |
| Personal name | Durán, Norma, |
| Relator term | traductor |
| 700 1# - ADDED ENTRY--PERSONAL NAME | |
| Personal name | Aviles, Pablo, |
| Relator term | traductor |
| 700 1# - ADDED ENTRY--PERSONAL NAME | |
| Personal name | Mendiola, Alfonso, |
| Relator term | rev. tecn. |
| 942 ## - ADDED ENTRY ELEMENTS (KOHA) | |
| Source of classification or shelving scheme | Biblioteca del Cogreso de los Estados Unidos |
| Koha item type | Libro |
| Estado de pérdida | Fuente de clasificación | Estado del daño | No para préstamo | Ubicación permanente | Ubicación actual | Apartado o colección | Fecha de adquisición | Edición | Dependencia de educación superior (DES) | Área del conocimiento | Clasificación | Código de Barras | Date last seen | Número de copia | Tipo de recurso | Nota pública | Total Checkouts | Costo por reposición |
|---|---|---|---|---|---|---|---|---|---|---|---|---|---|---|---|---|---|---|
| Biblioteca del Cogreso de los Estados Unidos | Biblioteca del Instituto de Investigaciones Históricas | Biblioteca del Instituto de Investigaciones Históricas | General | 21/08/2015 | 1a ed. | Humanidades | Educación y Humanidades | D13 H37 2007 | IIH000015014 | 21/08/2015 | C:1 | Libro | GENERAL | |||||
| Biblioteca del Cogreso de los Estados Unidos | Biblioteca del Instituto de Investigaciones Históricas | Biblioteca del Instituto de Investigaciones Históricas | General | 21/08/2015 | 1a ed. | Humanidades | Educación y Humanidades | D13 H37 2007 | IIH000002086 | 21/08/2015 | C: 2 | Libro | GENERAL | |||||
| Biblioteca del Cogreso de los Estados Unidos | Biblioteca del Instituto de Investigaciones Históricas | Biblioteca del Instituto de Investigaciones Históricas | General | 18/01/2023 | 1a ed. | Humanidades | Ciencias Sociales y Administrativas | D13 H37 2007 | IIH000034038 | 18/01/2023 | C:3 | Libro | 1.00 |